| 000 | 01972nam0a2200397 4500 | ||
|---|---|---|---|
| 001 | RU\NLR\BIBL_A\012618252 | ||
| 005 | 20220418154703.0 | ||
| 010 | _a978-5-9710-8636-9 | ||
| 021 |
_aRU _bКН-П-21-035665 _9КН-П-21-2781 |
||
| 035 | _a(NLR Aleph) 012618252 | ||
| 090 |
_a12631006 _c12631006 |
||
| 100 | _a20260419 rusy50 | ||
| 101 | 0 | _arus | |
| 102 | _aRU | ||
| 105 | _ay z 000zb | ||
| 181 | 0 |
_ai4 _baxxe |
|
| 182 | 0 | _an | |
| 200 | 1 |
_aФердинанд Лассаль _eоснователь немецкой социал-демократии _eфилософ, экономист, политик _fЭ. Бернштейн |
|
| 203 |
_aТекст _bвизуальный _cнепосредственный |
||
| 205 |
_aИзд. 2-е _bкн. воспроизводится стер. по изд. 1923 г. |
||
| 210 |
_aМосква _cURSS _cЛЕНАНД _d2021 (cop. 2020) |
||
| 215 |
_a123, [2] с. _d22 |
||
| 225 | 1 |
_aБиографии выдающихся личностей _v№ 138 |
|
| 300 | _a1-е изд. выходило под загл. "Ф. Лассаль: биографический очерк" | ||
| 320 | _aБиблиогр. в тексте | ||
| 320 | _aДр. кн. авт. на 4-й с. обл. | ||
| 455 | 0 |
_12001#$aФ. Лассаль$eбиографический очерк _1210##$d1923 _1700#1$aБернштейн$bЭ.$f1850-1932$gЭдуард$4RU\NLR\auth\7790964 _tФ. Лассаль _aБернштейн, Эдуард (1850-1932) |
|
| 600 | 1 |
_aЛассаль _bФ. _f1825 - 1864 _gФердинанд _91356204 _3RU\NLR\AUTH\66252369 |
|
| 686 | 1 | _aЮ6г(4Г) | |
| 686 | 1 | _aФ69(4Г)21 | |
| 700 | 1 |
_aБернштейн _bЭ. _cполит. деятель _f1850-1932 _gЭдуард _973891 _3RU\NLR\auth\7790964 |
|
| 702 | 1 |
_4280 _7ca _8rus _aЛассаль _bФ. _f1825-1864 _gФердинанд _945840 _3RU\NLR\AUTH\7762910 |
|
| 942 | _cBOOK | ||
| 980 | _aNB | ||